| 000 -CABECERA |
| campo de control de longitud fija |
01339nam a2200241 a 4500 |
| 001 - NÚMERO DE CONTROL |
| campo de control |
000083734 |
| 005 - FECHA Y HORA DE LA ÚLTIMA TRANSACCIÓN |
| campo de control |
20200120224853.0 |
| 008 - DATOS DE LONGITUD FIJA--INFORMACIÓN GENERAL |
| campo de control de longitud fija |
171006s2015 ck ||||gr|||||000 ||spa d |
| 020 ## - NÚMERO INTERNACIONAL ESTÁNDAR DEL LIBRO |
| Número Internacional Estándar del Libro |
9789588911182 |
| 041 0# - CÓDIGO DE LENGUA |
| Código de lengua del texto/banda sonora o título independiente |
spa |
| 043 ## - CÓDIGO DE ÁREA GEOGRÁFICA |
| Código de área geográfica |
s-ck--- |
| 082 04 - NÚMERO DE LA CLASIFICACIÓN DECIMAL DEWEY |
| Número de edición |
21 |
| 090 ## - LOCALMENTE ASIGNADO TIPO-LC NÚMERO DE CLASIFICACIÓN (OCLC); NÚMERO DE CLASIFICACIÓN LOCAL (RLIN) |
| Número de clasificación (OCLC) (R) ; Numero de clasificación, CALL (RLIN) (NR) |
AN |
| Número cutter local (OCLC) ; Número de libro/Signatura topográfica íntegra, CALL (RLIN) |
ECHB |
| 100 1# - ENTRADA PRINCIPAL--NOMBRE DE PERSONA |
| Nombre de persona |
Echeverri Benedetti, Orlando |
| 245 10 - MENCIÓN DE TÍTULO |
| Título |
Sin freno por la senda equivocada / |
| Mención de responsabilidad, etc. |
Orlando Echeverri Benedetti. |
| 250 ## - MENCIÓN DE EDICIÓN |
| Mención de edición |
1a. ed. |
| 260 ## - PUBLICACIÓN, DISTRIBUCIÓN, ETC. |
| Lugar de publicación, distribución, etc. |
Bogotá : |
| Nombre del editor, distribuidor, etc. |
Peregrino ediciones, |
| Fecha de publicación, distribución, etc. |
2015. |
| 300 ## - DESCRIPCIÓN FÍSICA |
| Extensión |
282 páginas. |
| 520 3# - SUMARIO, ETC. |
| Sumario, etc. |
"En sus últimos años de vida, Leonard Garner recordó la canción de un trompetista con ínfulas de adivino, un padre que robaba farmacias y una buhardilla en el jardín botánico de Birmingham, Alabama. Hasta su muerte, en las Islas del Rosario, mantuvo en secreto los motivos por los cuales decidió exiliarse en Cartagena de Indias durante más de una década. Un periodista, la cocinera de un bistró y un fotógrafo se ven envueltos en la búsqueda de su pasado mientras sus propias vidas adoptan rumbos imprevistos, donde la tragedia converge con la comedia. Esta, su primera novela, le mereció el Premio Nacional de Novela entregado por el Instituto de las Artes de Bogotá, IDARTES." |
| 650 14 - PUNTO DE ACCESO ADICIONAL DE MATERIA--TÉRMINO DE MATERIA |
| Término de materia o nombre geográfico como elemento de entrada |
Novela adulto colombiana |
| 650 24 - PUNTO DE ACCESO ADICIONAL DE MATERIA--TÉRMINO DE MATERIA |
| Término de materia o nombre geográfico como elemento de entrada |
Literatura colombiana |
| 650 24 - PUNTO DE ACCESO ADICIONAL DE MATERIA--TÉRMINO DE MATERIA |
| Término de materia o nombre geográfico como elemento de entrada |
Autores colombianos |